000 00267nam a22001217a 4500
008 180918b xxu||||| |||| 00| 0 eng d
041 _aeng
080 _a621
100 _a26
101 _aMEK
245 _aProbability and Statistics
_cDevore, J.L
942 _2udc
_cBK
999 _c47898
_d47898